| 000 | 00424cam a2200169ua 4500 | ||
|---|---|---|---|
| 003 | OSt | ||
| 008 | 250814b |||||||| |||| 00| 0 eng d | ||
| 020 | _a0-444-99726-1 | ||
| 041 | _aeng | ||
| 082 |
_a627.134 _bPET/CA |
||
| 100 |
_aPeter, Pavol _97720 |
||
| 245 | _aCanal and river levees / | ||
| 250 | _a1 / | ||
| 260 |
_aNew York : _bElsevier Scientific Publishing Company , _c1982. |
||
| 300 | _a540 ; . | ||
| 942 | _cBK | ||
| 999 |
_c9345 _d9345 |
||